Territori i competències autonòmiques / Avelino Blasco i Esteve
ISBN:
84-393-1283-0
Descripción Física:
129 p. ; 21 cm
Colección:
Institut d'Estudis Autonòmics ; 9
Otros Autores:
Institut d'Estudis Autonòmics (Catalunya)
MARC
| LEADER | 00000nam a2200000Ia 4500 | ||
|---|---|---|---|
| 001 | 18775 | ||
| 008 | 160829s1990 xx 000 0 cat d | ||
| 020 | |a 84-393-1283-0 | ||
| 080 | |a M-5-390 | ||
| 100 | |a Blasco Esteve, A. Avelino |9 45572 | ||
| 245 | |a Territori i competències autonòmiques / Avelino Blasco i Esteve | ||
| 260 | |a Barcelona : |b Generalitat de Catalunya. Institut d'Estudis Autonòmics, |c 1990 | ||
| 300 | |a 129 p. ; |c 21 cm | ||
| 490 | |a Institut d'Estudis Autonòmics ; 9 | ||
| 590 | |a Resums en castellà i anglès | ||
| 650 | |a Competència (Dret) |x Espanya |x Comunitats autònomes |9 35883 | ||
| 650 | |a Jurisdicció |x Espanya |x Comunitats autònomes |9 45573 | ||
| 700 | |a Institut d'Estudis Autonòmics (Catalunya) |9 11016 | ||
| 901 | |a Arxiu | ||
| 942 | |n 1 | ||
| 952 | |0 0 |1 0 |4 0 |6 M5390 |7 1 |9 52680 |a Arxiu |b Arxiu |d 2016-12-01 |l 0 |o M-5-390 |p 18775 |r 2016-12-01 00:00:00 |w 2016-12-01 |y ARXIU | ||
| 999 | |c 56529 |d 56529 | ||